Administración: una perspectiva global

Uloženo v:
Podrobná bibliografie
Hlavní autoři: Koontz, Harold (Autor), Weihrich, Heinz (Autor)
Médium: Kniha
Jazyk:španělština
Vydáno: Ciudad de México McGraw Hill 2004
Vydání:7a. ed
Témata:
Tagy: Přidat tag
Žádné tagy, Buďte první, kdo vytvoří štítek k tomuto záznamu!

MARC

LEADER 00000nam a2200000 a 4500
001 UCK0288
003 CL-VaPUC
008 040924e20040000MX |||||||||||||||||spa|d
020 |a 9701039491 
082 0 4 |a 658  |b KOO  |2 21 
100 |a Koontz, Harold  |e author  |9 222211 
700 0 |a Weihrich, Heinz  |e author  |9 488206 
245 1 0 |a Administración: una perspectiva global 
250 |a 7a. ed 
300 |a 804 p 
942 |c BK 
945 |d 20040924 00:00:00  |a cmena 
260 |a Ciudad de México  |b McGraw Hill  |c 2004 
650 0 |a Administración de empresas   |9 260833 
650 0 |a Planificación estratégica   |9 259735 
650 0 |a Organización  |9 256369 
650 0 |a Control  |9 330602 
650 7 |a DIRECCION  |2 CL-VaPUC  |9 358279 
650 7 |a ETICA ADMINISTRATIVA  |2 CL-VaPUC  |9 430993 
650 0 |a Toma de decisiones   |9 257530 
583 |a last modification  |c 20130306 10:16:47  |k Rodrigo Vera 
999 |c 310772  |d 310770 
952 |0 0  |1 0  |2 ddc  |4 0  |6 658_000000000000000_KOO_2004  |7 0  |8 A  |9 379755  |a BIBING  |b BIBING  |c RES  |d 2019-11-21  |i 4310411  |o 658 KOO 2004  |p 4310411  |r 2025-01-20  |w 2019-11-21  |y BK  |k TRA 
952 |0 0  |1 0  |4 0  |6 658_000000000000000_KOO_2004  |7 0  |8 R  |9 379757  |a BIBGIM  |b BIBGIM  |d 2019-11-21  |i 4433335  |o 658 KOO 2004  |p 4433335  |r 2025-01-15  |w 2019-11-21  |y BK_R  |k COM